000 nam a22 7a 4500
999 _c8459
_d8459
008 180116b ||||| |||| 00| 0 eng d
100 _94857
_aAGGARWAL.R.S ET AL
245 _aMENTAL-MATHEMATICS FOR CLASS -3,4
260 _aNEW DELHI
_bS.CHAND
_c2016